<The> significance of institutional and economic factors in the determination of individual happiness (empirical approach)
Gespeichert in:
| 1. Verfasser: | |
|---|---|
| Weitere Verfasser: | |
| Format: | Buchkapitel |
| Sprache: | Englisch |
| Schlagworte: | |
| Tags: |
Keine Tags, Fügen Sie das erste Tag hinzu!
|
MARC
| LEADER | 00000nla$a2200000$$$4500 | ||
|---|---|---|---|
| 001 | 0104143 | ||
| 005 | 20240502083248.2 | ||
| 041 | 0 | |a eng | |
| 044 | |a CZ | ||
| 245 | 1 | 0 | |a <The> significance of institutional and economic factors in the determination of individual happiness (empirical approach) |c Dária Rozborilová, Anetta Čaplánová |
| 500 | |a Abstrakt | ||
| 610 | 2 | 0 | |a psychológia ekonomická |
| 610 | 2 | 0 | |a vývoj hospodársky |
| 610 | 2 | 0 | |a regióny |
| 610 | 2 | 0 | |a úroveň životná |
| 610 | 2 | 0 | |a kvalita života |
| 610 | 2 | 0 | |a občania |
| 100 | 1 | |a Rozborilová, Dária | |
| 700 | 1 | |a Čaplánová, Anetta, 1967- | |